| 000 | 00426nam a2200157 a 4500 | ||
|---|---|---|---|
| 005 | 20140311163005.0 | ||
| 008 | 041028s19uu xx 00 eng d | ||
| 050 |
_aTR 267 _b.R893 1997 |
||
| 100 | _aRozakis, Laurie | ||
| 245 | _aThe complete idiot's guide to creative writing/. | ||
| 300 |
_a332 p. : _bill. ; _c26 cm. |
||
| 521 | _aMC | ||
| 650 |
_aWriting _xStudy and teaching. |
||
| 942 |
_cBK _2lcc _kFOR |
||
| 999 |
_c39303 _d39303 |
||